Miasta w Holandii - Nagła Śmierć - Statystyki

Ogólne statystyki
  • Ten quiz został rozwiązany 225 razy
    47 od ostatniego zresetowania
  • Średni wynik to 10 z 22
Answers on the Grid
Answers color-coded by a green-red scale on the quiz's grid according to % correct below.
's-Hertogenbosch
Alkmaar
Amersfoort
Amsterdam
Antwerpia
Apeldoorn
Arnhem
Bielefeld
Bloemfontein
Bochum
Breda
Delft
Dordrecht
Düsseldorf
Ede
Eet Smakelijk
Eindhoven
Emmen
Fryburg
Groningen
Gulden
Haga
Hagelslag
Heineken
Kristiansand
Krugersdorp
Leeuwarden
Leeuwenhoek
Lejda
Lelydorp
Maastricht
Manchester
Mayerthorpe
Nijmegen
Oberhausen
Pietermaritzburg
Rotterdam
Sankt Pölten
Schaan
Sint-Niklaas
Skalda
Speculaas
Surabaja
Tilburg
Utrecht
Vereeniging
Vlokken
Windhuk
Wuppertal
Zut Alors
Zwolle
 
Statystyki odpowiedzi
Odpowiedź % Poprawnych
Amsterdam
92%
Alkmaar
75%
Eindhoven
63%
Rotterdam
58%
Arnhem
54%
Dordrecht
54%
Apeldoorn
50%
Breda
50%
Groningen
50%
Haga
50%
Maastricht
46%
Nijmegen
46%
Utrecht
46%
Amersfoort
42%
's-Hertogenbosch
42%
Zwolle
42%
Tilburg
29%
Delft
25%
Emmen
25%
Leeuwarden
25%
Ede
13%
Lejda
8%
Nie znaleziono quizów pasujących do podanych kryteriów
Rozkład punktacji
Procent ludzi z każdym wynikiem
Percentyl według liczby udzielonych odpowiedzi
Twoja historia wyników
Nie rozwiązałeś tego quizu od ostatniego zresetowania